Carbon compliance for tomorrow's new homes (Record no. 111520)

MARC details
000 -LEADER
fixed length control field 01213cad a22001935a 4500
001 - CONTROL NUMBER
control field L151658
008 - FIXED-LENGTH DATA ELEMENTS--GENERAL INFORMATION
fixed length control field 101125s2010 xxk f 000 0 eng d
035 ## - SYSTEM CONTROL NUMBER
System control number (Sirsi) u151658
041 0# - LANGUAGE CODE
Language code of text/sound track or separate title eng
110 2# - MAIN ENTRY--CORPORATE NAME
Corporate name or jurisdiction name as entry element Zero Carbon Hub
245 00 - TITLE STATEMENT
Title Carbon compliance for tomorrow's new homes
Remainder of title a review of the modelling tool and assumptions, overview of findings and recommendations
Medium [electronic resource]
260 ## - PUBLICATION, DISTRIBUTION, ETC.
Place of publication, distribution, etc. [S.l.]
Name of publisher, distributor, etc. Zero Carbon Hub
Date of publication, distribution, etc. 2010
520 ## - SUMMARY, ETC.
Summary, etc. Reports on the findings of an expert task group, facilitated by the Zero Carbon Hub, to consider whether the existing carbon compliance tool, the assumptions on which it is based and the regulatory framework surrounding it are appropriate for low energy or zero carbon homes. The report was prepared primarily to inform government and the 2016 Task Force, the Senior Government/Industry steering group overseeing the implementation of the zero carbon new homes from 2016.
590 ## - LOCAL NOTE (RLIN)
Local note KA NTK
651 #4 - SUBJECT ADDED ENTRY--GEOGRAPHIC NAME
Geographic name United Kingdom
Chronological subdivision
690 ## - LOCAL SUBJECT ADDED ENTRY--TOPICAL TERM (OCLC, RLIN)
Topical term or geographic name as entry element BUILT ENVIRONMENT-SUSTAINABLE CONSTRUCTION
856 40 - ELECTRONIC LOCATION AND ACCESS
Uniform Resource Identifier <a href="https://www.zerocarbonhub.org/resourcefiles/CARBON_COMPLIANCE_GREEN_OVERVIEW_18Aug.pdf">https://www.zerocarbonhub.org/resourcefiles/CARBON_COMPLIANCE_GREEN_OVERVIEW_18Aug.pdf</a>
Public note View this item free of charge at www.zerocarbonhub.org
942 ## - ADDED ENTRY ELEMENTS (KOHA)
Suppress in OPAC 0
Holdings
Withdrawn status Lost status Source of classification or shelving scheme Damaged status Not for loan Home library Current library Shelving location Date acquired Total Checkouts Full call number Barcode Date last seen Copy number Price effective from Koha item type
    Dewey Decimal Classification     Virtual Virtual Online 25/11/2010   ONLINE PUBLICATION 151658-1001 06/08/2019 1 06/08/2019 Book